000 00281pab a2200109 454500
008 180718b xxu||||| |||| 00| 0 eng d
100 _aGupta, R.K
245 _aPurchase of immovable property by govt. under I.T. Act
650 _aFinance
773 _aFinancial Express
909 _a24076
999 _c24076
_d24076